Hinduism and its relations to Christianity / (Record no. 8254)

MARC details
000 -LEADER
fixed length control field 01374cam a2200421 i 4500
001 - CONTROL NUMBER
control field 18470282
003 - CONTROL NUMBER IDENTIFIER
control field OSt
005 - DATE AND TIME OF LATEST TRANSACTION
control field 20190926131346.0
007 - PHYSICAL DESCRIPTION FIXED FIELD--GENERAL INFORMATION
fixed length control field ta
008 - FIXED-LENGTH DATA ELEMENTS--GENERAL INFORMATION
fixed length control field 140426r20141893ii b 000 0 eng d
010 ## - LIBRARY OF CONGRESS CONTROL NUMBER
LC control number 2014360905
020 ## - INTERNATIONAL STANDARD BOOK NUMBER
International Standard Book Number 9789351480136
020 ## - INTERNATIONAL STANDARD BOOK NUMBER
International Standard Book Number 9351480135
025 ## - OVERSEAS ACQUISITION NUMBER
Overseas acquisition number I-E-2014-360905; 13-90
035 ## - SYSTEM CONTROL NUMBER
System control number (OCoLC)ocn889861122
035 ## - SYSTEM CONTROL NUMBER
System control number (OCoLC)889861122
037 ## - SOURCE OF ACQUISITION
Source of stock number/acquisition Library of Congress -- New Delhi Overseas Office
040 ## - CATALOGING SOURCE
Original cataloging agency DKAGE
Language of cataloging eng
Description conventions rda
Transcribing agency DKAGE
Modifying agency DLC
042 ## - AUTHENTICATION CODE
Authentication code lccopycat
-- lcode
043 ## - GEOGRAPHIC AREA CODE
Geographic area code a-ii---
050 00 - LIBRARY OF CONGRESS CALL NUMBER
Classification number BL2001
Item number .R6 2014
082 04 - DEWEY DECIMAL CLASSIFICATION NUMBER
Classification number 200.954
Edition number 23
Item number R667H
100 1# - MAIN ENTRY--PERSONAL NAME
Personal name Robson, John,
Dates associated with a name 1836-1908,
Relator term author.
245 10 - TITLE STATEMENT
Title Hinduism and its relations to Christianity /
Statement of responsibility, etc. John Robson.
264 #1 - PRODUCTION, PUBLICATION, DISTRIBUTION, MANUFACTURE, AND COPYRIGHT NOTICE
Place of production, publication, distribution, manufacture New Delhi :
Name of producer, publisher, distributor, manufacturer Christian World Imprints,
Date of production, publication, distribution, manufacture, or copyright notice 2014.
300 ## - PHYSICAL DESCRIPTION
Extent xv, 270 pages ;
Dimensions 22 cm.
336 ## - CONTENT TYPE
Content type term text
Content type code txt
Source rdacontent
337 ## - MEDIA TYPE
Media type term unmediated
Media type code n
Source rdamedia
338 ## - CARRIER TYPE
Carrier type term volume
Carrier type code nc
Source rdacarrier
490 0# - SERIES STATEMENT
Series statement Interfaith studies revived ;
Volume/sequential designation 2
500 ## - GENERAL NOTE
General note Reprint of: New ed. Edinburgh : Oliphant, Anderson & Ferrier, 1893.
650 #0 - SUBJECT ADDED ENTRY--TOPICAL TERM
Topical term or geographic name entry element Hinduism
General subdivision Relations
-- Christianity.
650 #0 - SUBJECT ADDED ENTRY--TOPICAL TERM
Topical term or geographic name entry element Christianity and other religions
General subdivision Hinduism.
651 #0 - SUBJECT ADDED ENTRY--GEOGRAPHIC NAME
Geographic name India
General subdivision Religion.
906 ## - LOCAL DATA ELEMENT F, LDF (RLIN)
a 7
b cbc
c copycat
d 3
e ncip
f 20
g y-gencatlg
942 ## - ADDED ENTRY ELEMENTS (KOHA)
Source of classification or shelving scheme Dewey Decimal Classification
Koha item type Books
Holdings
Withdrawn status Lost status Source of classification or shelving scheme Damaged status Not for loan Collection code Home library Current library Date acquired Cost, normal purchase price Total Checkouts Full call number Barcode Date last seen Price effective from Koha item type
    Dewey Decimal Classification     Non-fiction Harvest Mission College Harvest Mission College 26.09.2019 850.00   200.954 R667H 009365 26.09.2019 26.09.2019 Books

OPAC Designed and Maintained by HMC Library Team.
Copyright © HMC Library,Greater Noida, UP.
For any Suggestions/Query Contact library via Email:libhmc@gmail.com